000 00241nam a2200109Ia 4500
008 190216s9999||||xx |||||||||||||| ||und||
100 _aMadambu Kunjukuttan
245 0 _aAshwathmav
260 _bNbs Kottayam
650 _aNovel
942 _cBK
999 _c26132
_d26132